Readecuación estructural de paredes de mampostería en escala reducida mediante muros de concreto reforzado

Guardat en:
Dades bibliogràfiques
Autor principal: Cordero Calderón, Juan Carlos
Altres autors: Espinoza Blanco , Edwin, 1967- Director del TFG
Format: Llibre
Publicat: San José, Costa Rica 2002
Matèries:
Etiquetes: Afegir etiqueta
Sense etiquetes, Sigues el primer a etiquetar aquest registre!

MARC

LEADER 00000nam a2200000Ia 4500
003 008847
005 20231124144556.0
008 140114s2002 cr a m 000 ||s d
040 |c cru CEDI 
090 |a TFG 4391 
100 |a Cordero Calderón, Juan Carlos  |9 7614 
245 |a Readecuación estructural de paredes de mampostería en escala reducida mediante muros de concreto reforzado  
260 |a  San José, Costa Rica  |c 2002 
300 |a  v, 73 hojas : ilustraciones a color  
500 |a Proyecto de graduación(licenciatura en ingeniería civil)--Universidad de Costa Rica. Facultad de Ingeniería Civil 
501 |a Director del Proyecto de Graduación: Ing. Edwin Espinoza Blanco 
650 |x MUROS   |x  DISEÑO Y CONSTRUCCION   |x MAMPOSTERIA   |x DISEÑO DE ESTRUCTURAS   |x MUROS DE HORMIGON  |9 7615 
700 |a  Espinoza Blanco , Edwin, 1967-  |d Director del TFG   |9 1624 
942 |c TFG  |h TFG 4391  |i 008847  |6 TFG_4391_008847000000000 
999 |c 18048  |d 18048